[Event "DLM 2011"]
[Site "Xanten GER"]
[Date "2011.10.31"]
[Round "2"]
[White "Polert, Annika"]
[Black "Höpfner, Tim"]
[Result "0-1"]
[Termination "normal"]
[Board "3.3"]
[WhiteElo "1792"]
[BlackElo "1967"]
[WhiteTeam "Schleswig-Holstein/NDS"]
[BlackTeam "Hessen"]
[PlyCount "88"]
[WhiteFideId "24692328"]
[BlackFideId "4638310"]
[EventCountry "GER"]
[EventRounds "7"]
[EventType "team-swiss"]
[EventDate "2011.10.30"]

1. c4 g6 2. g3 Bg7 3. Bg2 d6 4. Nc3 e5 5. d3 f5 6. e3 Nf6 7. Nge2 c6 8. f4 O-O
9. O-O exf4 10. Nxf4 a5 11. Qd2 Na6 12. b3 Bd7 13. Ba3 Qc7 14. d4 Rfe8 15. Rac1
Rad8 16. Rfe1 Nb4 17. d5 Ng4 18. Kh1 g5 19. Nh3 Re7 20. c5 Bxc3 21. Rxc3 Be8
22. Nxg5 dxc5 23. Rxc5 Nd3 24. Rf1 Nxc5 25. Bxc5 Re5 26. Bd4 h6 27. Bxe5 Qxe5
28. Nh3 Qxe3 29. Qxe3 Nxe3 30. Rf3 Nxg2 31. Kxg2 Rxd5 32. Re3 Rd2+ 33. Nf2 Kf7
34. Re5 Rxa2 35. Rxf5+ Kg7 36. Re5 Bf7 37. Re7 b5 38. Rc7 Kf8 39. Rc8+ Ke7 40.
Rc7+ Ke8 41. g4 Bxb3 42. Kg3 Bd5 43. Nh3 Rg2+ 44. Kf4 Rxh2 0-1

[Event "DLM 2011"]
[Site "Xanten GER"]
[Date "2011.10.31"]
[Round "2"]
[White "Keller, Peter"]
[Black "Diederichs, Luise"]
[Result "1-0"]
[Termination "time forfeit"]
[Board "3.4"]
[BlackTitle "NDS"]
[WhiteElo "1957"]
[BlackElo "1748"]
[WhiteTeam "Hessen"]
[BlackTeam "Schleswig-Holstein/NDS"]
[PlyCount "73"]
[WhiteFideId "1272105"]
[BlackFideId "24661597"]
[EventCountry "GER"]
[EventRounds "7"]
[EventType "team-swiss"]
[EventDate "2011.10.30"]

1. e4 e6 2. Nf3 d5 3. Nc3 Nf6 4. e5 Nfd7 5. d4 c5 6. dxc5 Bxc5 7. Bd3 Nc6 8.
Bf4 a6 9. O-O b5 10. Qe2 Bb7 11. Rae1 Nb4 12. Be3 Nxd3 13. cxd3 Rc8 14. Bxc5
Rxc5 15. Nd4 O-O 16. f4 Re8 17. Qg4 Qc7 18. Rf3 b4 19. Nce2 a5 20. Rg3 g6 21.
Rh3 Qd8 22. Rf1 Bc8 23. Qg3 f5 24. Qf3 Qb6 25. Kh1 Nf8 26. g4 Re7 27. gxf5 exf5
28. Rg3 Kf7 29. Qe3 Qc7 30. Rgg1 Be6 31. Rc1 Rxc1 32. Rxc1 Qb7 33. Kg1 Rc7 34.
Rxc7+ Qxc7 35. Qc1 Qxc1+ 36. Nxc1 Bd7 37. Ncb3 1-0

[Event "DLM 2011"]
[Site "Xanten GER"]
[Date "2011.10.31"]
[Round "2"]
[White "Wegner, Florian"]
[Black "Schmalhorst, Sophia"]
[Result "0-1"]
[Termination "normal"]
[Board "3.5"]
[WhiteElo "1747"]
[BlackElo "1879"]
[WhiteTeam "Schleswig-Holstein/NDS"]
[BlackTeam "Hessen"]
[PlyCount "66"]
[WhiteFideId "12909416"]
[BlackFideId "24682497"]
[EventCountry "GER"]
[EventRounds "7"]
[EventType "team-swiss"]
[EventDate "2011.10.30"]

1. e4 e5 2. Nf3 Nc6 3. Be2 Nf6 4. d3 Bc5 5. O-O d6 6. Nbd2 O-O 7. c3 Bb6 8. h3
Ne7 9. Nc4 Ng6 10. Nxb6 axb6 11. a3 h6 12. Re1 Re8 13. Bf1 Nh5 14. g3 Nf6 15.
Bg2 d5 16. exd5 Nxd5 17. d4 exd4 18. Rxe8+ Qxe8 19. Nxd4 Nf6 20. Be3 Ra5 21.
Qf1 Ne4 22. Re1 Re5 23. Nc2 Bd7 24. Bd4 Re7 25. b4 Ba4 26. Ne3 Nd6 27. h4 Bb5
28. Re2 Bxe2 29. Qxe2 Nf5 30. Bxb7 c5 31. bxc5 bxc5 32. Bxc5 Rxb7 33. Qf3 Rb1+
0-1

[Event "DLM 2011"]
[Site "Xanten GER"]
[Date "2011.10.31"]
[Round "2"]
[White "Sancar, Alina"]
[Black "Wanner, Lukas"]
[Result "1-0"]
[Termination "normal"]
[Board "3.6"]
[WhiteElo "1816"]
[BlackElo "1667"]
[WhiteTeam "Hessen"]
[BlackTeam "Schleswig-Holstein/NDS"]
[PlyCount "59"]
[WhiteFideId "4624750"]
[BlackFideId "12918148"]
[EventCountry "GER"]
[EventRounds "7"]
[EventType "team-swiss"]
[EventDate "2011.10.30"]

1. e4 c5 2. Nc3 Nc6 3. Bb5 e6 4. Bxc6 bxc6 5. d3 d5 6. Nge2 Ba6 7. O-O d4 8.
Nb1 e5 9. f4 Bd6 10. Qe1 Qe7 11. Nd2 f6 12. Nf3 c4 13. Qd1 c5 14. fxe5 fxe5 15.
Ng3 cxd3 16. cxd3 Bc8 17. Ng5 Nf6 18. Nh5 h6 19. Nxf6+ gxf6 20. Qh5+ Kf8 21.
Qg6 f5 22. exf5 hxg5 23. Bxg5 Qd7 24. Bh6+ Rxh6 25. Qxh6+ Ke8 26. Qh8+ Kf7 27.
Qh5+ Kf8 28. Rf3 Rb8 29. Rg3 Be7 30. Qh8+ 1-0

[Event "DLM 2011"]
[Site "Xanten GER"]
[Date "2011.10.31"]
[Round "2"]
[White "Rieper, Julian"]
[Black "Graf, Clara Victoria"]
[Result "0-1"]
[Termination "normal"]
[Board "3.7"]
[WhiteElo "1507"]
[BlackElo "1701"]
[WhiteTeam "Schleswig-Holstein/NDS"]
[BlackTeam "Hessen"]
[PlyCount "104"]
[WhiteFideId "12936960"]
[BlackFideId "1270339"]
[EventCountry "GER"]
[EventRounds "7"]
[EventType "team-swiss"]
[EventDate "2011.10.30"]

1. e4 c5 2. Nf3 a6 3. d4 cxd4 4. Nxd4 Nf6 5. Nc3 e5 6. Nb3 Bb4 7. Bd2 O-O 8.
Bd3 Nc6 9. a3 Bxc3 10. Bxc3 d5 11. Qe2 d4 12. Bd2 Be6 13. O-O Qb6 14. Nc1 Nd7
15. b4 Rac8 16. Nb3 f5 17. f3 f4 18. g4 Qd8 19. Qg2 Ne7 20. h4 Bc4 21. Rac1 Qc7
22. Nc5 Bf7 23. Nxd7 Qxd7 24. h5 Bc4 25. Qe2 Qb5 26. Bxc4+ Qxc4 27. Qxc4+ Rxc4
28. c3 d3 29. Rfd1 b5 30. Be1 Rd8 31. Rb1 Nc8 32. Kg2 Nb6 33. Rb3 Rc6 34. Kf2
Nc4 35. Bd2 Rcd6 36. Kf1 Ne3+ 37. Bxe3 fxe3 38. Ke1 d2+ 39. Ke2 Rd3 40. a4 bxa4
41. Ra3 h6 42. Rxa4 Rxc3 43. Rxa6 Rb8 44. Ra4 Rbc8 45. Raa1 Kh7 46. b5 Rc1 47.
b6 Rxa1 48. b7 Rxd1 49. bxc8=Q Re1+ 50. Kd3 d1=Q+ 51. Kc4 Qc2+ 52. Kd5 Qxc8 0-1

[Event "DLM 2011"]
[Site "Xanten GER"]
[Date "2011.10.31"]
[Round "2"]
[White "Peter, Anton"]
[Black "Ruiz, Lisa"]
[Result "1-0"]
[Termination "normal"]
[Board "3.8"]
[WhiteElo "1726"]
[BlackElo "1083"]
[WhiteTeam "Hessen"]
[BlackTeam "Schleswig-Holstein/NDS"]
[PlyCount "43"]
[WhiteFideId "12901660"]
[EventCountry "GER"]
[EventRounds "7"]
[EventType "team-swiss"]
[EventDate "2011.10.30"]

1. d4 Nf6 2. c4 e6 3. Nf3 Bb4+ 4. Bd2 Be7 5. Nc3 d5 6. e3 c5 7. Be2 Nc6 8. dxc5
Bxc5 9. O-O O-O 10. Rc1 Bd7 11. cxd5 exd5 12. Nxd5 Bd6 13. Nxf6+ Qxf6 14. Bc3
Qe7 15. Nd4 a6 16. Bf3 Nxd4 17. Qxd4 f6 18. Rfd1 Bxh2+ 19. Kxh2 Bc6 20. Bb4
Qc7+ 21. Bd6 Rfd8 22. Qc4+ 1-0

[Event "DLM 2011"]
[Site "Xanten GER"]
[Date "2011.10.31"]
[Round "2"]
[White "Haag, Gregor"]
[Black "Mazarov, Jürgen"]
[Result "1-0"]
[Termination "normal"]
[Board "4.1"]
[WhiteElo "2065"]
[BlackElo "2129"]
[WhiteTeam "Baden"]
[BlackTeam "Nordrhein-Westfalen 2"]
[PlyCount "75"]
[WhiteFideId "24680931"]
[BlackFideId "24617768"]
[EventCountry "GER"]
[EventRounds "7"]
[EventType "team-swiss"]
[EventDate "2011.10.30"]

1. Nf3 d5 2. c4 c6 3. e3 Nf6 4. d4 g6 5. Nc3 Bg7 6. Bd3 O-O 7. O-O dxc4 8. Bxc4
Nbd7 9. e4 b5 10. Bd3 Nb6 11. h3 a6 12. Qc2 Be6 13. b3 h6 14. Be3 Rc8 15. Rac1
Nh5 16. Ne2 f5 17. e5 Nd5 18. Bd2 Qd7 19. Nh2 g5 20. g3 Kh8 21. f4 gxf4 22.
gxf4 Rg8 23. Kf2 Nhxf4 24. Nxf4 Nxf4 25. Bxf4 Qxd4+ 26. Ke1 Bxe5 27. Bxe5+
Qxe5+ 28. Qe2 Qg3+ 29. Kd2 Rcd8 30. Nf3 Bd5 31. Kc2 Qg2 32. Rf2 Bxf3 33. Qe5+
Qg7 34. Qxg7+ Rxg7 35. Rxf3 Rg2+ 36. Kb1 e5 37. Bxf5 Rdd2 38. Rc2 1-0

[Event "DLM 2011"]
[Site "Xanten GER"]
[Date "2011.10.31"]
[Round "2"]
[White "Kremser, Michael"]
[Black "Noe, Christopher"]
[Result "0-1"]
[Termination "normal"]
[Board "4.2"]
[WhiteElo "2048"]
[BlackElo "2067"]
[WhiteTeam "Nordrhein-Westfalen 2"]
[BlackTeam "Baden"]
[PlyCount "78"]
[WhiteFideId "1270131"]
[BlackFideId "24692018"]
[EventCountry "GER"]
[EventRounds "7"]
[EventType "team-swiss"]
[EventDate "2011.10.30"]

1. d4 Nf6 2. c4 c5 3. d5 e6 4. Nc3 exd5 5. cxd5 d6 6. e4 g6 7. Nf3 Bg7 8. Be2
O-O 9. O-O a6 10. a4 Re8 11. Nd2 Nbd7 12. f4 Rb8 13. a5 b5 14. axb6 Rxb6 15.
Nc4 Nxe4 16. Nxe4 Rxe4 17. Nxb6 Qxb6 18. Bf3 Rb4 19. Qe2 Nf8 20. Ra2 a5 21. Re1
Ba6 22. Qe8 Bb5 23. Qa8 a4 24. h3 Rb3 25. Kh2 c4 26. Ra3 Qf2 27. Rd1 Bxb2 28.
Ra2 c3 29. f5 c2 30. Rxb2 cxd1=Q 31. Bxd1 Rxb2 32. Bf3 Qxf3 33. Bxb2 Qf4+ 34.
Kh1 Qxf5 35. Ba3 Qf1+ 36. Kh2 Qf4+ 37. Kh1 Qg3 38. Qb8 Bf1 39. Qb2 Bxg2+ 0-1

[Event "DLM 2011"]
[Site "Xanten GER"]
[Date "2011.10.31"]
[Round "2"]
[White "Frey, Alisa"]
[Black "Glatzel, Jonas"]
[Result "1-0"]
[Termination "normal"]
[Board "4.3"]
[WhiteElo "2104"]
[BlackElo "1906"]
[WhiteTeam "Baden"]
[BlackTeam "Nordrhein-Westfalen 2"]
[PlyCount "95"]
[WhiteFideId "24634662"]
[BlackFideId "12937800"]
[EventCountry "GER"]
[EventRounds "7"]
[EventType "team-swiss"]
[EventDate "2011.10.30"]

1. e4 c5 2. Nf3 Nc6 3. d4 cxd4 4. Nxd4 Nf6 5. Nc3 e5 6. Ndb5 d6 7. Bg5 a6 8.
Na3 b5 9. Nd5 Be7 10. Bxf6 Bxf6 11. c3 Bg5 12. Nc2 O-O 13. a4 bxa4 14. Rxa4 a5
15. Bc4 Kh8 16. O-O Rb8 17. b3 f5 18. exf5 Bxf5 19. Nce3 Be6 20. Bd3 Bxe3 21.
Nxe3 d5 22. c4 d4 23. Qh5 Bg8 24. Ng4 Qd6 25. Be4 g6 26. Qh6 Rf4 27. Bxc6 Rxg4
28. Bf3 Rf4 29. Rxa5 e4 30. Bd1 Rbf8 31. Ra7 Qf6 32. Ra2 e3 33. Qh3 Be6 34. Qg3
g5 35. h3 Qe5 36. Bf3 h5 37. fxe3 Qxe3+ 38. Kh2 Qd3 39. Qxg5 Qxf1 40. Qh6+ Kg8
41. Qxe6+ Kg7 42. Ra7+ R8f7 43. Qe5+ R4f6 44. Qg5+ Kf8 45. Ra8+ Ke7 46. Qc5+
Kd7 47. Ra7+ Kd8 48. Qd5+ 1-0

[Event "DLM 2011"]
[Site "Xanten GER"]
[Date "2011.10.31"]
[Round "2"]
[White "Flüchter, Gregor"]
[Black "Töws, Manuel"]
[Result "0-1"]
[Termination "normal"]
[Board "4.4"]
[WhiteElo "1895"]
[BlackElo "1988"]
[WhiteTeam "Nordrhein-Westfalen 2"]
[BlackTeam "Baden"]
[PlyCount "54"]
[WhiteFideId "12903396"]
[BlackFideId "24654485"]
[EventCountry "GER"]
[EventRounds "7"]
[EventType "team-swiss"]
[EventDate "2011.10.30"]

1. e4 c5 2. Nf3 d6 3. d4 cxd4 4. Nxd4 Nf6 5. Nc3 a6 6. Bc4 e6 7. O-O Be7 8. Re1
b5 9. Bb3 O-O 10. Bg5 Bb7 11. Bxe6 fxe6 12. Nxe6 Qc8 13. Nxf8 Qxf8 14. Qd2 Nbd7
15. Rad1 Rc8 16. f4 h6 17. Bxf6 Nxf6 18. e5 dxe5 19. fxe5 Bc5+ 20. Kh1 Ng4 21.
h3 Nf2+ 22. Kh2 Nxd1 23. Rxd1 Qf5 24. Re1 Re8 25. Qe2 Bf2 26. Rf1 Qf4+ 27. Kh1
Bxg2+ 0-1

[Event "DLM 2011"]
[Site "Xanten GER"]
[Date "2011.10.31"]
[Round "2"]
[White "Kühnel, Lena"]
[Black "Rosenfeld, Elisabeth"]
[Result "1-0"]
[Termination "normal"]
[Board "4.5"]
[WhiteElo "1902"]
[BlackElo "1745"]
[WhiteTeam "Baden"]
[BlackTeam "Nordrhein-Westfalen 2"]
[PlyCount "55"]
[WhiteFideId "24640956"]
[BlackFideId "4624742"]
[EventCountry "GER"]
[EventRounds "7"]
[EventType "team-swiss"]
[EventDate "2011.10.30"]

1. e4 c5 2. Nf3 Nc6 3. d4 cxd4 4. Nxd4 g6 5. c4 Bg7 6. Be3 Nf6 7. Nc3 d6 8. Be2
O-O 9. O-O Qc7 10. Rc1 Bd7 11. f3 Rac8 12. Qd2 Ne5 13. Ndb5 Nxc4 14. Bxc4 Qxc4
15. Nxa7 Rce8 16. Nd5 Qa4 17. b3 Qa3 18. Nc7 Rb8 19. Nab5 Bxb5 20. Nxb5 Qa6 21.
a4 b6 22. Rc7 Rb7 23. Rfc1 Rfb8 24. Rxb7 Rxb7 25. Rc8+ Bf8 26. Bh6 Nd7 27. Bxf8
f6 28. Qd5+ 1-0

[Event "DLM 2011"]
[Site "Xanten GER"]
[Date "2011.10.31"]
[Round "2"]
[White "Buckels, Valentin"]
[Black "Riehle, Marco"]
[Result "0-1"]
[Termination "normal"]
[Board "4.6"]
[WhiteElo "1699"]
[BlackElo "1753"]
[WhiteTeam "Nordrhein-Westfalen 2"]
[BlackTeam "Baden"]
[PlyCount "72"]
[WhiteFideId "12942766"]
[BlackFideId "12904392"]
[EventCountry "GER"]
[EventRounds "7"]
[EventType "team-swiss"]
[EventDate "2011.10.30"]

1. d4 d5 2. c4 e6 3. Nf3 Nf6 4. e3 c6 5. Bd3 Nbd7 6. O-O Bd6 7. Nc3 dxc4 8.
Bxc4 O-O 9. b3 e5 10. Bb2 Re8 11. Qc2 a6 12. Rad1 Qc7 13. h3 exd4 14. Nxd4 Ne5
15. Be2 Ng6 16. Nf3 b5 17. Rd2 Bb7 18. Rc1 c5 19. Bxb5 Bxf3 20. Bxe8 Rxe8 21.
gxf3 Nh4 22. Qd1 Qc8 23. Kf1 Qxh3+ 24. Ke2 Qxf3+ 25. Kf1 Qh3+ 26. Ke2 Qf3+ 27.
Kf1 Qg2+ 28. Ke2 Ng4 29. Rxd6 Rxe3+ 30. Kd2 Qxf2+ 31. Ne2 Nf3+ 32. Kc2 Rxe2+
33. Qxe2 Qxe2+ 34. Kb1 Nd2+ 35. Ka1 h6 36. Rd8+ Kh7 0-1

[Event "DLM 2011"]
[Site "Xanten GER"]
[Date "2011.10.31"]
[Round "2"]
[White "Wiesner, Paula"]
[Black "Bork, Sophie"]
[Result "1/2-1/2"]
[Termination "normal"]
[Board "4.7"]
[WhiteElo "1780"]
[BlackElo "1488"]
[WhiteTeam "Baden"]
[BlackTeam "Nordrhein-Westfalen 2"]
[PlyCount "118"]
[WhiteFideId "24654019"]
[BlackFideId "12905429"]
[EventCountry "GER"]
[EventRounds "7"]
[EventType "team-swiss"]
[EventDate "2011.10.30"]

1. d4 d5 2. c4 e6 3. Nc3 c5 4. cxd5 exd5 5. Nf3 Nc6 6. Bf4 Nf6 7. e3 a6 8. Be2
Be6 9. O-O Be7 10. Rc1 O-O 11. dxc5 Bxc5 12. Nxd5 Bxd5 13. Rxc5 Bxa2 14. Qc2
Be6 15. Rd1 Qb6 16. Rc1 h6 17. Ne5 Nxe5 18. Bxe5 Nd7 19. Bd4 Nxc5 20. Bxc5 Qd8
21. Bxf8 Qxf8 22. h3 Rc8 23. Qd2 Rxc1+ 24. Qxc1 Qc8 25. Qxc8+ Bxc8 26. Kf1 Kf8
27. Ke1 Ke7 28. Kd2 Kd6 29. Kc3 Kc5 30. b4+ Kd6 31. Kd4 Bd7 32. e4 f6 33. f4
Bc6 34. e5+ Ke7 35. g3 Ke6 36. Bc4+ Ke7 37. Kc5 Kd7 38. Kb6 Bg2 39. h4 Bc6 40.
exf6 gxf6 41. g4 Bf3 42. g5 hxg5 43. hxg5 fxg5 44. fxg5 Ke7 45. Bd3 Kf7 46. Bf5
Kg7 47. Bc8 Kg6 48. Bxb7 Bd1 49. Bxa6 Kxg5 50. Ka5 Bf3 51. b5 Kf6 52. b6 Ke7
53. Kb5 Kd6 54. Bc8 Be2+ 55. Ka5 Kc6 56. Ba6 Bf3 57. Bc8 Be2 58. b7 Kc7 59.
b8=Q+ Kxb8 1/2-1/2

[Event "DLM 2011"]
[Site "Xanten GER"]
[Date "2011.10.31"]
[Round "2"]
[White "Gatzke, Carolin"]
[Black "Steimbach, Isabel"]
[Result "0-1"]
[Termination "normal"]
[Board "4.8"]
[BlackTitle "Nr9"]
[WhiteElo "1409"]
[BlackElo "1602"]
[WhiteTeam "Nordrhein-Westfalen 2"]
[BlackTeam "Baden"]
[PlyCount "106"]
[WhiteFideId "12943746"]
[BlackFideId "24692174"]
[EventCountry "GER"]
[EventRounds "7"]
[EventType "team-swiss"]
[EventDate "2011.10.30"]

1. e4 e5 2. Nf3 d6 3. d4 exd4 4. Nxd4 Nf6 5. Nc3 Be7 6. Bc4 O-O 7. f3 Nbd7 8.
Be3 c6 9. Qd2 Re8 10. O-O-O Bf8 11. Nf5 Ne5 12. Bb3 d5 13. Ng3 Be6 14. exd5
cxd5 15. Nxd5 Nxd5 16. Bxd5 Bxd5 17. Qxd5 Qxd5 18. Rxd5 Nxf3 19. Bf4 Nh4 20.
Rg1 Ng6 21. Bd2 Rad8 22. Rxd8 Rxd8 23. Re1 Bd6 24. Be3 b6 25. Rd1 Nh4 26. Bg5
f6 27. Ne4 fxg5 28. Rxd6 Rxd6 29. Nxd6 Nxg2 30. Nc8 g4 31. Nxa7 Nh4 32. Nb5 Nf3
33. Nc3 Nxh2 34. Ne2 h5 35. Kd2 h4 36. Ke3 g3 37. Kf4 g2 38. Ng1 g5+ 39. Ke3 g4
40. c4 h3 41. Kf2 Nf3 42. Nxf3 gxf3 43. Kg1 Kf7 44. b4 Ke6 45. a4 Kd6 46. a5
bxa5 47. bxa5 Kc5 48. a6 Kb6 49. c5+ Kxa6 50. c6 Kb6 51. c7 Kxc7 52. Kf2 h2 53.
Kxf3 h1=Q 0-1

[Event "DLM 2011"]
[Site "Xanten GER"]
[Date "2011.10.31"]
[Round "2"]
[White "Colpe, Malte"]
[Black "Bräuer, Franz"]
[Result "1/2-1/2"]
[Termination "normal"]
[Board "5.1"]
[WhiteElo "2245"]
[BlackElo "2172"]
[WhiteTeam "Hamburg"]
[BlackTeam "Thüringen"]
[PlyCount "50"]
[WhiteFideId "24623075"]
[BlackFideId "24634468"]
[EventCountry "GER"]
[EventRounds "7"]
[EventType "team-swiss"]
[EventDate "2011.10.30"]

1. d4 d5 2. c4 c6 3. Nf3 Nf6 4. Nc3 a6 5. a4 g6 6. e3 Bg7 7. Be2 O-O 8. O-O Bg4
9. Qb3 Ra7 10. a5 e6 11. h3 Bxf3 12. Bxf3 Nbd7 13. Bd2 Qe7 14. Ra4 Rb8 15. Rd1
Qd8 16. cxd5 cxd5 17. Qa2 b5 18. axb6 Nxb6 19. Rxa6 Rxa6 20. Qxa6 Nc4 21. Na4
Ra8 22. Qc6 Rc8 23. Qb5 Rb8 24. Qc6 Rc8 25. Qb5 Rb8 1/2-1/2

[Event "DLM 2011"]
[Site "Xanten GER"]
[Date "2011.10.31"]
[Round "2"]
[White "Wendling, Hannes"]
[Black "Stanau, Guido"]
[Result "1/2-1/2"]
[Termination "normal"]
[Board "5.2"]
[WhiteElo "2168"]
[BlackElo "2035"]
[WhiteTeam "Thüringen"]
[BlackTeam "Hamburg"]
[PlyCount "62"]
[WhiteFideId "24624284"]
[BlackFideId "24692255"]
[EventCountry "GER"]
[EventRounds "7"]
[EventType "team-swiss"]
[EventDate "2011.10.30"]

1. e4 e6 2. d4 d5 3. Nc3 Bb4 4. e5 c5 5. a3 Bxc3+ 6. bxc3 Ne7 7. Qg4 Qc7 8. Bd3
cxd4 9. Ne2 Nbc6 10. cxd4 Bd7 11. Bd2 O-O-O 12. Qxg7 Rhg8 13. Qf6 Nf5 14. c3
Na5 15. Bxf5 exf5 16. Nf4 Qc4 17. Qd6 Bb5 18. Qb4 Nc6 19. Qxc4 Bxc4 20. g3 Rde8
21. Nh5 Rg6 22. Be3 Na5 23. Nf6 Rxf6 24. exf6 Re6 25. Rb1 Bd3 26. Rb4 Nc4 27.
a4 Be4 28. Rg1 Bf3 29. Rxc4+ dxc4 30. Kd2 Rxf6 31. Rb1 Rb6 1/2-1/2

[Event "DLM 2011"]
[Site "Xanten GER"]
[Date "2011.10.31"]
[Round "2"]
[White "Gupta, Arijit"]
[Black "Urban, Lars"]
[Result "1-0"]
[Termination "normal"]
[Board "5.3"]
[WhiteElo "2030"]
[BlackElo "1970"]
[WhiteTeam "Hamburg"]
[BlackTeam "Thüringen"]
[PlyCount "101"]
[WhiteFideId "24696293"]
[BlackFideId "4644034"]
[EventCountry "GER"]
[EventRounds "7"]
[EventType "team-swiss"]
[EventDate "2011.10.30"]

1. e4 e6 2. b3 d5 3. Bb2 c5 4. exd5 exd5 5. Bb5+ Bd7 6. Qe2+ Qe7 7. Nc3 Nf6 8.
O-O-O Qxe2 9. Bxe2 Nc6 10. Nf3 O-O-O 11. d4 Nxd4 12. Nxd4 cxd4 13. Nb5 Bxb5 14.
Bxb5 Ne4 15. Bxd4 Ba3+ 16. Kb1 f6 17. f3 Nc5 18. c3 a6 19. b4 Ne6 20. Ba4 b5
21. Bc2 Kb7 22. Rhe1 Rhe8 23. Bf2 a5 24. bxa5 Nc7 25. Bxh7 Rh8 26. Bf5 g6 27.
Bh3 Rde8 28. Bd4 Rhf8 29. Kc2 f5 30. Be5 Rd8 31. Rb1 Bd6 32. Bxd6 Rxd6 33. a4
Ka6 34. Re7 Rc6 35. g3 d4 36. axb5+ Nxb5 37. Bf1 Rb8 38. Rxb5 Rxb5 39. Re5
Rxc3+ 40. Kd2 Kxa5 41. Rxb5+ Ka4 42. f4 Rf3 43. Be2 Rf2 44. Rd5 Kb4 45. h4 d3
46. Rxd3 Kc5 47. Ke3 Rg2 48. Rd5+ Kc6 49. Bf3 Rxg3 50. Rd1+ Kc7 51. Rh1 1-0

[Event "DLM 2011"]
[Site "Xanten GER"]
[Date "2011.10.31"]
[Round "2"]
[White "Hoffmann, Tim"]
[Black "Kramer, Julian"]
[Result "1-0"]
[Termination "normal"]
[Board "5.4"]
[WhiteElo "1881"]
[BlackElo "2047"]
[WhiteTeam "Thüringen"]
[BlackTeam "Hamburg"]
[PlyCount "81"]
[WhiteFideId "12900338"]
[BlackFideId "12921742"]
[EventCountry "GER"]
[EventRounds "7"]
[EventType "team-swiss"]
[EventDate "2011.10.30"]

1. e4 c5 2. Nf3 d6 3. d4 cxd4 4. Nxd4 Nf6 5. Nc3 a6 6. Bg5 e6 7. f4 Qb6 8. Nb3
Nbd7 9. Qf3 Be7 10. O-O-O Qc7 11. g4 h6 12. Bxf6 Bxf6 13. Nd4 Qa5 14. Qd3 Be7
15. h4 b5 16. a3 b4 17. axb4 Qxb4 18. Nc6 Qb6 19. Nxe7 Kxe7 20. Qd4 Rb8 21. b3
Qxd4 22. Rxd4 Nc5 23. Bc4 Bb7 24. Rhd1 Rhd8 25. b4 Nd7 26. Rxd6 Nf6 27. e5 Nxg4
28. b5 axb5 29. Nxb5 Ba8 30. Rg1 Ne3 31. Bd3 g6 32. Ra6 Bd5 33. Nd6 Rd7 34. h5
gxh5 35. Rg7 Kf8 36. Rh7 Rb4 37. Rxh6 Rxf4 38. Rb6 Nf5 39. Rb8+ Kg7 40. Rhh8
Ne7 41. Rh7# 1-0

[Event "DLM 2011"]
[Site "Xanten GER"]
[Date "2011.10.31"]
[Round "2"]
[White "Krüger, David"]
[Black "Nguyen, Huy Dat"]
[Result "1-0"]
[Termination "normal"]
[Board "5.5"]
[WhiteElo "1750"]
[BlackElo "1733"]
[WhiteTeam "Hamburg"]
[BlackTeam "Thüringen"]
[PlyCount "69"]
[WhiteFideId "12921858"]
[BlackFideId "12923486"]
[EventCountry "GER"]
[EventRounds "7"]
[EventType "team-swiss"]
[EventDate "2011.10.30"]

1. d4 Nf6 2. c4 g6 3. g3 Bg7 4. Bg2 O-O 5. Nf3 d6 6. Nc3 Nbd7 7. O-O c5 8. e3
Rb8 9. Bd2 a6 10. a4 b6 11. d5 Bb7 12. e4 Ng4 13. Ne1 Nge5 14. b3 Nf6 15. Rc1
Ne8 16. Qe2 Nc7 17. f4 Nd7 18. Nd3 Ba8 19. e5 b5 20. axb5 axb5 21. Rce1 bxc4
22. bxc4 Nb6 23. Nf2 Na6 24. Nb5 Nc7 25. Nc3 Nd7 26. Bh3 Re8 27. e6 Nf8 28.
exf7+ Kxf7 29. Nfe4 Kg8 30. Ng5 Bd4+ 31. Kh1 e5 32. Nce4 Rb2 33. Qf3 h6 34.
fxe5 hxg5 35. Bxg5 1-0

[Event "DLM 2011"]
[Site "Xanten GER"]
[Date "2011.10.31"]
[Round "2"]
[White "Rogozenco, Teodora"]
[Black "Michels, Kim"]
[Result "0-1"]
[Termination "normal"]
[Board "5.7"]
[WhiteElo "1527"]
[BlackElo "1646"]
[WhiteTeam "Hamburg"]
[BlackTeam "Thüringen"]
[PlyCount "54"]
[WhiteFideId "12938084"]
[BlackFideId "24690066"]
[EventCountry "GER"]
[EventRounds "7"]
[EventType "team-swiss"]
[EventDate "2011.10.30"]

1. d4 f5 2. c4 g6 3. Nf3 Nf6 4. Nc3 Bg7 5. g3 O-O 6. Bg2 d6 7. O-O Qe8 8. Qc2
e5 9. d5 c6 10. e4 fxe4 11. Nd2 cxd5 12. Nxd5 Na6 13. Nxe4 Nxd5 14. cxd5 Bf5
15. Qe2 Qd7 16. b3 Rac8 17. Ba3 Bxe4 18. Bxe4 Nc5 19. Rac1 Nxe4 20. Qxe4 Bh6
21. Rxc8 Rxc8 22. Qb4 Rc5 23. Qe4 Ra5 24. Ra1 Rxa3 25. Qb4 Ra6 26. a4 Rb6 27.
Qc4 a5 0-1